000 00621nam a2200253Ia 4500
003 OSt
005 20221006143843.0
006 a|||||r|||| 00| 0
007 ta
008 221006b |||||||| |||| 00| 0 eng d
020 _cP1.00
024 _a10,188
037 _cTextual
040 _aEASL
_cEASL
_beng
041 _2eng
_aeng
082 _aW, L0
100 _aBLONDEL J Ed.
_9518847
245 0 _aComparative government
_b A reader
260 _aLondon
_bMacmillan
_c1970
300 _a270p.
_ccm.
490 _v Oth
942 _hW, L0
_cTEXL
_2CC
999 _c1078274
_d1078274